Guess the Mystery Song from the Lyrics #19 - Statistics

General Stats
  • This quiz has been taken 8 times
  • The average score is 96 of 199
Answer Stats
Lyrics % Correct
a
100%
and
100%
And
100%
I
100%
love
100%
see
100%
the
100%
you
100%
You
100%
to
86%
To
86%
But
71%
can
71%
don't
71%
in
71%
it's
71%
It's
71%
my
71%
of
71%
too
71%
your
71%
at
57%
if
57%
I'm
57%
Or
57%
about
43%
as
43%
care
43%
comes
43%
just
43%
never
43%
night
43%
out
43%
take
43%
always
29%
Always
29%
apart
29%
back
29%
blue
29%
break
29%
doesn't
29%
fall
29%
Friday
29%
Friday I'm in Love - The Cure
29%
grey
29%
heart
29%
late
29%
middle
29%
Monday
29%
Monday's
29%
Oh
29%
start
29%
stay
29%
Sunday
29%
Thursday
29%
Tuesday
29%
Tuesday's
29%
wait
29%
Wednesday
29%
attack
14%
bed
14%
black
14%
enough
14%
Enough
14%
even
14%
eyes
14%
get
14%
head
14%
hesitate
14%
instead
14%
looking
14%
Saturday
14%
shoes
14%
this
14%
up
14%
watch
14%
big
0%
bite
0%
Dressed
0%
eat
0%
frown
0%
gorgeous
0%
hold
0%
rise
0%
round
0%
shriek
0%
sight
0%
Sleek
0%
smile
0%
sound
0%
spinning
0%
spirits
0%
stuff
0%
such
0%
surprise
0%
Throw
0%
walls
0%
wonderful
0%
No matching quizzes found
Score Distribution
Percent of People with Each Score
Percentile by Number Answered
Your Score History
You have not taken this quiz